Understanding uncertainty
Saved in:
| Main Author: | |
|---|---|
| Format: | Book |
| Language: | English |
| Published: |
Hoboken, N.J. :
John Wiley,
c2006
|
| Subjects: | |
| Tags: |
Add Tag
No Tags, Be the first to tag this record!
|
MARC
| LEADER | 00000nam a2200000 i 4500 | ||
|---|---|---|---|
| 001 | 1/61070 | ||
| 008 | 071030s2006 eng d | ||
| 020 | |a 978-0-470-04383-7 | ||
| 020 | |a 0-470-04383-0 | ||
| 035 | |l 10091951 | ||
| 040 | |a GR-MY-UA |b gre |e aacr | ||
| 041 | 0 | |a eng | |
| 082 | 0 | |a 519.2 |2 (22) | |
| 100 | 1 | |a Lindley, D. V. |q (Dennis Victor) |d 1923- | |
| 245 | 1 | 0 | |a Understanding uncertainty / |c Dennis V. Lindley |
| 260 | |a Hoboken, N.J. : |b John Wiley, |c c2006 | ||
| 300 | |a xv, 250 σ. ; |b εικ.; |c 25 εκ. | ||
| 504 | |a Περιέχει ευρετήριο | ||
| 650 | 0 | 0 | |a Probabilities. |
| 650 | 0 | 0 | |a Uncertainty |x Mathematics. |
| 650 | 0 | 0 | |a Decision making |x Mathematics. |
| 650 | 0 | 0 | |a Mathematical statistics. |
| 852 | |a INST |b SAMOS |e 20071030 |h 519.2 LIN |p 005300027940 |q 005300027940 |t BK |y 0 | ||
| 901 | |a BIBL3-2007-3 | ||
| 909 | |a Σ |b 140087 | ||
| 922 | |a 3ΕΛΗ |b 200710 |c ΕΠΕΑΕΚ2/ΤΣΑΕ |d ΠΑΠΑΣΩΤΗΡΙΟΥ | ||
| 970 | |a ΓΟΥΒΑΛΑ |b ΒΑΣΩ |z 2007/10/30 | ||